Percy Jackson Characters Quiz Stats

 Plays Quiz not verified by Sporcle

Challenge
Share
Tweet
Embed
Score 0/11 Timer 15:00
0 Plays Today
Hint Character % Correct
Son Of Poseidon Percy Jackson
100%
Son Of HermesLuke
95.6%
SatyrGrover
94.7%
Son of Athena Annabeth Chase
93.9%
Percy's Half-BrotherTyson
93%
Son of HadesNico
90.4%
Percy's MomSally
90.4%
CentaurChiron
89.5%
Son of AresClarisse
82.5%
Percy's Unknown CousinThalia Grace
76.3%
Mortal Who Can See Through The MistRachel Dare
64.9%

You're not logged in!

Compare scores with friends on all Sporcle quizzes.
Join for Free
OR
Log In

You Might Also Like...

Show Comments

Extras

Top Quizzes Today


Score Distribution

Your Account Isn't Verified!

In order to create a playlist on Sporcle, you need to verify the email address you used during registration. Go to your Sporcle Settings to finish the process.

Report this User

Report this user for behavior that violates our Community Guidelines.

Details: